Province Ioniche - Morte improvvisa - Statistics

Statistiche generali
  • Questo quiz è stato fatto 74 volte
  • Il punteggio medio è 4 su 10
Answers on the Grid
Answers color-coded by a green-red scale on the quiz's grid according to % correct below.
Lecce
Taranto
Matera
Cosenza
Crotone
Catanzaro
Reggio Calabria
Messina
Catania
Siracusa
Bari
Brindisi
Foggia
Potenza
Salerno
Avellino
Vibo Valentia
Palermo
Enna
Caltanissetta
Ragusa
 
Statistiche sulle risposte
Risposta % Corretto
Catanzaro
59%
Taranto
59%
Crotone
54%
Lecce
51%
Matera
38%
Reggio Calabria
38%
Catania
33%
Messina
33%
Cosenza
31%
Siracusa
15%
Nessun quiz corrispondente trovato
Distribuzione punteggi
Percentuale di utenti per punteggio
Percentile per numero di risposta
I tuoi punteggi nel tempo
Non hai fatto questo quiz